Footballeurs internationaux par images - expert - Statistiques

Statistiques générales
  • Ce quiz a été pris 58 fois
  • Le résultat moyen est 33 sur 46
Statistiques - réponses
Par images Hint Réponse % Correct
1987 Arturo Vidal
93%
1991 Riyad Mahrez
93%
2001 Bukayo Saka
91%
1990 David de Gea
91%
1996 Leroy Sané
89%
1988 Mats Hummels
89%
1993 Paulo Dybala
89%
1998 Federico Valverde
87%
1989 Javier Pastore
87%
2000 Julian Alvarez
87%
1978 Rio Ferdinand
87%
2002 Nico Williams
85%
1970 Edwin van der Sar
83%
1994 Raheem Sterling
83%
1986 Nani
81%
2003 Florian Wirtz
80%
1973 Javier Zanetti
80%
1999 Kai Havertz
80%
1995 Serge Gnabry
80%
1980 Ashley Cole
78%
1992 Granit Xhaka
78%
1982 Michael Essien
78%
1997 Nicolo Barella
78%
1965 Rai
78%
1960 Rudi Völler
78%
2005 Dean Huijsen
74%
1977 Deco
72%
1962 Frank Rijkaard
72%
2004 Alejandro Garnacho
70%
1976 Alessandro Nesta
69%
1983 Daniele De Rossi
67%
1972 Jaap Stam
67%
1971 Roy Keane
67%
1984 Emmanuel Adebayor
65%
1969 Gabriel Batistuta
65%
1985 Lukas Podolski
63%
1981 Andreï Archavine
57%
1968 Davor Suker
56%
1964 Mickael Laudrup
56%
1975 Hernan Crespo
54%
1979 Rafael Marquez
54%
1963 David Seaman
48%
1966 Hristo Stoitchkov
46%
1974 Zé Roberto
44%
1961 Ian Rush
39%
1967 Ivan Zamorano
28%
Aucun quiz correspondant
Distribution des résultats
% des personnes avec chaque résultat
Percentile par nombre de réponses
Votre historique - résultats
Vous n’avez pas pris ce quiz